000 00493cam a2200193ua 4500
001 2946
008 110919n ii |||gr||||Z||||||asm
040 _cMAIN
082 _a920
100 1 _aRoychoudhury, Anil,
_eAuthor.
245 1 1 _aJyoti chetana
_cby Anil Roychoudhury
250 _a1st.
260 _aGuahati:
_bPurbanchal prakash,988.
300 _a131p:
_c23cm.
653 _aBiography
653 _aBiography of Jyoti chetana
700 1 _aChoudhury, Bijanlal,
_eAuthor.
942 _cBK
999 _c2794
_d2794